000 00820nam a22001577a 4500
003 OSt
005 20150914152455.0
008 150914b xxu||||| |||| 00| 0 eng d
040 _cRUA
082 _aAGR CHH 1999 B024 Or.1
100 _9466
_aCHHONG, SOPHAL.
245 _aStudy and evaluation on various important characteristics of old latosols-soil for rubber replantation at chup plantation ការស្រាវជ្រាវពីការសិក្សានិងវាយតំលៃអំពីលក្ខណៈសំខាន់ៗរបស់ដីក្រហមនៅលើចំការកៅស៊ូចាស់ត្រូវកាប់ដាំឡើងវិញនៅចំការកៅស៊ូជុប
260 _aPhnomPenh
_bRUA
_c1999
300 _a60p.
_bill.
_c29cm.
942 _2ddc
_cAGR
999 _c444
_d444